Top 100 Albums: Rolling Stones - Statistics

General Stats
  • This quiz has been taken 38 times
    34 since last reset
  • The average score is 48 of 100
Answer Stats
# Year Artist Answer % Correct
76 1984 Prince and the Revolution Purple Rain
92%
45 1969 The Band The Band
92%
10 1968 The Beatles The White Album
92%
86 1984 Bruce Springsteen Born in the U.S.A.
88%
17 1991 Nirvana Nevermind
88%
26 1977 Fleetwood Mac Rumours
88%
87 1979 Pink Floyd The Wall
88%
20 1982 Michael Jackson Thriller
88%
18 1975 Bruce Springsteen Born to Run
84%
37 1976 The Eagles Hotel California
84%
29 1969 Led Zeppelin Led Zeppelin
84%
69 1971 Led Zeppelin Led Zeppelin IV
84%
8 1980 The Clash London Calling
84%
2 1966 The Beach Boys Pet Sounds
84%
1 1967 The Beatles Sgt. Pepper’s Lonely Hearts Club Band
84%
14 1969 The Beatles Abbey Road
80%
80 1971 John Lennon Imagine
80%
79 1969 Led Zeppelin Led Zeppelin II
80%
6 1971 Marvin Gaye What's Going On
76%
15 1967 The Jimi Hendrix Experience Are You Experienced
72%
36 1971 Carole King Tapestry
72%
27 1987 U2 The Joshua Tree
72%
77 1980 AC/DC Back in Black
68%
30 1971 John Mitchell Blue
68%
7 1972 The Rolling Stones Exile on Main Street
68%
68 1979 Michael Jackson Off the Wall
68%
5 1965 The Beatles Rubber Soul
68%
43 1973 Pink Floyd The Dark Side of the Moon
68%
62 1987 Guns N' Roses Appetite for Destruction
64%
51 1970 Simon and Garfunkel Bridge Over Troubled Water
64%
91 1973 Elton John Goodbye Yellow Brick Road
64%
71 1986 Paul Simon Graceland
64%
3 1966 The Beatles Revolver
64%
64 1971 The Rolling Stones Sticky Fingers
64%
42 1967 The Doors The Doors
64%
82 1972 Neil Young Harvest
60%
44 1975 Patti Smith Horses
60%
33 1976 The Ramones The Ramones
60%
13 1967 The Velvet Underground and Nico The Velvet Underground
60%
28 1971 The Who Who's Next
60%
94 1978 Hank Williams 40 Greatest Hits
56%
16 1975 Bob Dylan Blood on the Tracks
56%
61 1970 Sly and the Family Stone Greatest Hits
56%
52 1975 Al Green Greatest Hits
56%
12 1959 Miles Davis Kind of Blue
56%
32 1969 The Rolling Stones Let it Bleed
56%
53 1964 The Beatles Meet the Beatles
56%
39 1963 The Beatles Please Please Me
56%
57 1976 Stevie Wonder Songs in the Key of Life
56%
9 1966 Bob Dylan Blonde on Blonde
52%
55 1968 The Jimi Hendrix Experience Electric Ladyland
52%
4 1965 Bob Dylan Highway 61 Revisited
52%
73 1975 Led Zeppelin Physical Graffiti
52%
23 1970 John Lennon Plastic Ono Band
52%
96 1969 The Who Tommy
52%
63 1991 U2 Achtung Baby
48%
41 1977 The Sex Pistols Never Mind the Bollocks, Here’s the Sex Pistols
48%
70 1977 Billy Joel The Stranger
48%
58 1968 The Rolling Stones Beggars Banquet
40%
95 1970 Miles Davis Bitches Brew
40%
89 1969 Dusty Springfield Dusty in Memphis
40%
60 1969 Captain Beefheart and His Magic Band Trout Mask Replica
40%
67 2000 Radiohead Kid A
36%
93 1987 Prince Sign 'o' the Times
36%
81 1979 The Clash The Clash
36%
74 1970 Neil Young After the Gold Rush
32%
48 1988 Public Enemy It Takes a Nation of Millions to Hold Us Back
32%
46 1984 Bob Marley and the Wailers Legend
32%
66 1970 Van Morrison Moondance
32%
19 1968 Van Morrison Astral Weeks
28%
31 1965 Bob Dylan Bringing it All Back Home
28%
35 1972 David Bowie The Rise and Fall of Ziggy Stardust and the Spiders From Mars
28%
47 1964 John Coltrane A love Supreme
24%
83 1968 The Jimi Hendrix Experience Axis: Bold as Love
24%
56 1956 Elvis Presley Elvis Presley
24%
25 1963 James Brown Live at the Apollo
24%
34 1968 The Band Music From Big Pink
24%
100 1969 The Zombies Odessey and Oracle
24%
40 1967 Love Forever Changes
20%
72 1972 Curtis Mayfield Superfly
20%
97 1963 Bob Dylan The Freewheelin' Bob Dylan
20%
99 1971 Sly and the Family Stone There's a Riot Goin' On
20%
88 1968 Johnny Cash At Folsom Prison
16%
90 1972 Stevie Wonder Talking Book
16%
11 1976 Elvis Presley The Sun Sessions
16%
98 1978 Elvis Costello This Year's Model
16%
22 1990 Robert Johnson The Complete Recordings
12%
21 1982 Chuck Berry The Great Twenty-Eight
12%
92 1978 Buddy Holly 20 Golden Greats
8%
85 1968 Aretha Franklin Lady Soul
8%
78 1965 Otis Redding Otis Blue
8%
75 1991 James Brown Star Time
8%
65 1991 Phil Spector Back to Mono (1958-1969)
4%
59 1976 Creedence Clearwater Revival Chronicle Vol. 1
4%
50 1957 Little Richard Here's Little Richard
4%
38 2001 Muddy Waters The Anthology
4%
49 1971 The Allman Brothers Band At Fillmore East
0%
84 1967 Aretha Franklin I Never Loved a Man the Way I Loved You
0%
24 1973 Stevie Wonder Innervisons
0%
54 1991 Ray Charles The Birth of Soul: The Complete Atlantic Recordings
0%
No matching quizzes found
Score Distribution
Percent of People with Each Score
Percentile by Number Answered
Your Score History
You have not taken this quiz since the last reset